000
00275nam a2200097Ia 4500
001
1251161
005
20251031150910.0
008
251031s9999 xx 000 0 und d
245
0
_c
FAZİLET SEYİTOĞLU
_a
I-5 ÇOCUK ANNE BABASINDAN NE İSTER?
260
_b
HAYY KİTAP YAYINLARI
999
_c
1251161
_d
1251161